<?xml version="1.0" encoding="UTF-8"?>
<record
    xmlns:xsi="http://www.w3.org/2001/XMLSchema-instance"
    xsi:schemaLocation="http://www.loc.gov/MARC21/slim http://www.loc.gov/standards/marcxml/schema/MARC21slim.xsd"
    xmlns="http://www.loc.gov/MARC21/slim">

  <leader>00666nam a22001937a 4500</leader>
  <controlfield tag="003">LK-CoDNM</controlfield>
  <controlfield tag="005">20241009093046.0</controlfield>
  <controlfield tag="008">241009b        |||||||| |||| 00| 0 eng d</controlfield>
  <datafield tag="040" ind1=" " ind2=" ">
    <subfield code="a">LK-CoDNM</subfield>
    <subfield code="d">LK-CoDNM</subfield>
    <subfield code="e">LK-CoDNM</subfield>
  </datafield>
  <datafield tag="041" ind1=" " ind2=" ">
    <subfield code="a">sin</subfield>
  </datafield>
  <datafield tag="080" ind1=" " ind2=" ">
    <subfield code="a">105</subfield>
    <subfield code="b">B47</subfield>
  </datafield>
  <datafield tag="100" ind1=" " ind2=" ">
    <subfield code="a">&#xDB4;&#xDAB;&#xDCA;&#xDA9;&#xDD2;&#xDAD; &#xDAF;&#xDDC;&#xDA9;&#xDB8;&#xDCA;&#xDB4;&#xDC4;&#xDC5; &#xD9A;&#xDC0;&#xDD2;&#xDB0;&#xDA2; &#xDC4;&#xDD2;&#xDB8;&#xDD2;&#xDB4;&#xDCF;&#xDAB;&#xDDD;</subfield>
  </datafield>
  <datafield tag="245" ind1=" " ind2=" ">
    <subfield code="a">&#xDC0;&#xDB1;&#xDCA;&#xDAF;&#xDB1;&#xDCF; &#xD9C;&#xDCF;&#xDAE;&#xDCF; &#xDC3;&#xDC4; &#xDB7;&#xDCF;&#xDC0;&#xDB1;&#xDCF;</subfield>
  </datafield>
  <datafield tag="300" ind1=" " ind2=" ">
    <subfield code="a">37P. ; 22 CM</subfield>
  </datafield>
  <datafield tag="650" ind1=" " ind2=" ">
    <subfield code="a">&#xDC0;&#xDB1;&#xDCA;&#xDAF;&#xDB1;&#xDCF; &#xD9C;&#xDCF;&#xDAE;&#xDCF; &#xDC3;&#xDC4; &#xDB7;&#xDCF;&#xDC0;&#xDB1;&#xDCF;</subfield>
  </datafield>
  <datafield tag="650" ind1=" " ind2=" ">
    <subfield code="a">&#xDB4;&#xDAB;&#xDCA;&#xDA9;&#xDD2;&#xDAD; &#xDAF;&#xDDC;&#xDA9;&#xDB8;&#xDCA;&#xDB4;&#xDC4;&#xDC5; &#xD9A;&#xDC0;&#xDD2;&#xDB0;&#xDA2; &#xDC4;&#xDD2;&#xDB8;&#xDD2;&#xDB4;&#xDCF;&#xDAB;&#xDDD;</subfield>
  </datafield>
  <datafield tag="650" ind1=" " ind2=" ">
    <subfield code="a">105 B47</subfield>
  </datafield>
  <datafield tag="942" ind1=" " ind2=" ">
    <subfield code="c">BK</subfield>
  </datafield>
  <datafield tag="952" ind1=" " ind2=" ">
    <subfield code="0">0</subfield>
    <subfield code="1">0</subfield>
    <subfield code="4">1</subfield>
    <subfield code="7">0</subfield>
    <subfield code="8">OBC</subfield>
    <subfield code="a">MAIN</subfield>
    <subfield code="b">MAIN</subfield>
    <subfield code="c">REF</subfield>
    <subfield code="d">2024-10-09</subfield>
    <subfield code="l">0</subfield>
    <subfield code="o">105 B47</subfield>
    <subfield code="p">ojp2951-5</subfield>
    <subfield code="r">2024-10-09</subfield>
    <subfield code="w">2024-10-09</subfield>
    <subfield code="y">BK</subfield>
  </datafield>
  <datafield tag="999" ind1=" " ind2=" ">
    <subfield code="c">218491</subfield>
    <subfield code="d">218491</subfield>
  </datafield>
</record>
